A Green new deal (Record no. 8229)
[ view plain ]
| 000 -LEADER | |
|---|---|
| fixed length control field | 00262nam a2200121 4500 |
| 003 - CONTROL NUMBER IDENTIFIER | |
| control field | OSt |
| 005 - DATE AND TIME OF LATEST TRANSACTION | |
| control field | 20201006161241.0 |
| 008 - FIXED-LENGTH DATA ELEMENTS--GENERAL INFORMATION | |
| fixed length control field | 201006b ||||| |||| 00| 0 eng d |
| 020 ## - INTERNATIONAL STANDARD BOOK NUMBER | |
| International Standard Book Number | 9788492861583 |
| 082 ## - DEWEY DECIMAL CLASSIFICATION NUMBER | |
| Classification number | 725.80 |
| Item number | RUI |
| 245 ## - TITLE STATEMENT | |
| Title | A Green new deal |
| 942 ## - ADDED ENTRY ELEMENTS (KOHA) | |
| Source of classification or shelving scheme | |
| Withdrawn status | Lost status | Source of classification or shelving scheme | Damaged status | Koha normalized classification for sorting | Not for loan | Permanent location | Current location | Date acquired | Full call number | Barcode | Date last seen | Price effective from | Koha item type |
|---|---|---|---|---|---|---|---|---|---|---|---|---|---|
| 725_800000000000000_RUI | BMS College of Architecture, Design and Planning | BMS College of Architecture, Design and Planning | 2020-10-06 | 725.80 RUI | CL-UG69152 | 2020-10-06 | 2020-10-06 | UG Books from CL |